Normal view
MARC view
- الاطفال-صحة ونظافة
Entry Topical Term
001 - CONTROL NUMBER
- control field: 10115
003 - CONTROL NUMBER IDENTIFIER
- control field: JO-AjAnu
005 - DATE AND TIME OF LATEST TRANSACTION
- control field: 20230606071926.0
008 - FIXED-LENGTH DATA ELEMENTS
- fixed length control field: 230606|| aca||aabn | a|a d
040 ## - CATALOGING SOURCE
- Original cataloging agency: JO-AjAnu
- Transcribing agency: JO-AjAnu
150 ## - HEADING--TOPICAL TERM
- Topical term or geographic name entry element: الاطفال-صحة ونظافة
670 ## - SOURCE DATA FOUND
- Source citation: Work cat.: (JO-AjAnu)5211: الديواني،مصطفى, author 10114, حياة الطفل في الصحة والمرض في المنزل والمدرسة